01447nab a22002297a 4500999001500000003000400015005001700019008004100036040000700077100002600084245020500110260004200315300001300357500003700370505050800407505008900915650002601004650002901030650002501059773012001084942001301204 c6470d6470OSt20260209124119.0190506c xxu||||| |||| 00| 0 spa d cPJ 95719aFavier, Mariano10aReparación de los daños provocados al trabajador por la omisión de registro laboral con base en el instituto del enriquecimiento sin causa del art. 1794 del Cód. Civ. y Com. /cMariano Favier. aBuenos Aires :bAbeledoPerrot,c2025. ap. 17-25 aCita: TR LALEY AR/DOC/232/2025.  aSumario: I. Introducción.— II. De falacias y equívocos: de la "industria del juicio laboral" a las mal llamadas "multas legislativas".— III. Responsabilidad por incumplimientos contractuales y derecho de daños en el ámbito laboral.— IV. Resarcimiento de los daños provocados por incumplimiento contractual de registro e ingreso de aportes del empleador con base en el enriquecimiento sin causa del art. 1794 Cód. Civ. y Com.— V. El problema de la prescripción.— VI. Conclusiones. t¿Te interesa el texto completo? Comunicate al correo: koha@justierradelfuego.gov.ar 091316aDERECHO LABORAL 09289aCONTRATO DE TRABAJO 0aREGISTRACION LABORAL0 0275193202dBuenos Aires : AbeledoPerrot, 2013-tRevista de derecho laboral y seguridad social. Nº 6 - Marzo 2025 2udccANA